000 00597nam a2200217 a 4500
001 BRL_716
005 20190320210850.0
008 300913s1932----gw-ao#####---#000-0dger-#
041 _ager
044 _agw
050 4 _aPT2647.I45
_b.S69 1932
100 1 _aSoyka, Josef
_924729
245 1 0 _aDas Buch um Anton Wildgans
_cJosef Soyka.
260 _aLeipzig
_bL. Staackmann
_c1932
300 _a119 p.
_bil.
_c21 cm.
500 _aAu791
600 1 4 _aWildgans, Anton
_d1881-1932
_vBiografĂ­a
_924730
650 1 4 _aAutores austriacos
_vBiografĂ­a
_ySiglo XX
_924731
902 _aGRL
942 _2lcc
_cB
999 _c9528
_d9528